LDR 00728naa#a2200181#i#450# 001 EN\\bibl\19490 005 20260516045943.6 100 ## _a20260515b2026####ek#y0engy0150####ca 102 ## _aRU 200 1# _aADVANTAGES OF THE CLONAL MICROPROPAGATION FOR MASS PRODUCTION OF FAST-GROWING WOODY SPECIES PLANTING MATERIAL (REVIEW) _eConference article/thesis 210 1# _aVoronezh _cFSBE Institution of Higher Education Voronezh State University of Forestry and Technologies named after G.F. Morozov _d2026 215 ## _a8 с. 608 ## _aConference article/thesis _2local 675 ## _aРазмножение растений. 631.53 _z 700 #1 _aKamaeva _gA. A. 700 #1 _aEvlakov _gP. M. 700 #1 _aTseplyaev _gAleksey 856 4# _abibl.vgltu.ru _u